| Tag |
First Indicator |
Second Indicator |
Subfields |
| LEADER |
00000cam a22000001 4500 |
| 001 |
in00000094260 |
| 005 |
20150927110420.0 |
| 008 |
701012s1968 nyua b 00010 eng |
| 010 |
|
|
|a 68009136
|
| 035 |
|
|
|a (OCoLC)00435602
|
| 035 |
|
|
|9 AAL6119AM
|
| 040 |
|
|
|a DLC
|c DLC
|d TXA
|d UtOrBLW
|
| 049 |
|
|
|a TXAM
|c [639036]
|
| 050 |
0 |
0 |
|a TP978
|b .D3 1968
|
| 082 |
0 |
|
|a 668/.374
|
| 100 |
1 |
|
|a Davidson, Robert L.
|
| 245 |
1 |
0 |
|a Water-soluble resins /
|c edited by Robert L. Davidson and Marshall Sittig.
|
| 250 |
|
|
|a 2d ed.
|
| 264 |
|
1 |
|a New York :
|b Reinhold Book Corp.,
|c [1968]
|
| 300 |
|
|
|a vii, 232 pages :
|b illustrations ;
|c 24 cm.
|
| 336 |
|
|
|a text
|b txt
|2 rdacontent
|
| 337 |
|
|
|a unmediated
|b n
|2 rdamedia
|
| 338 |
|
|
|a volume
|b nc
|2 rdacarrier
|
| 504 |
|
|
|a Bibliographical footnotes.
|
| 650 |
|
0 |
|a Gums and resins, Synthetic.
|
| 650 |
|
0 |
|a Polymerization.
|
| 650 |
|
0 |
|a Polymers.
|
| 700 |
1 |
|
|a Sittig, Marshall.
|
| 999 |
|
|
|a MARS
|
| 999 |
f |
f |
|s c526e59f-d6a4-3815-bc7d-5e4cadee6304
|i 26c4d31e-798f-3fa6-897b-714b19dda95d
|t 0
|
| 952 |
f |
f |
|p ric
|a Texas A&M University
|b Rellis Campus
|c Joint Library Facility
|d Remote Storage
|t 0
|e TP978 .D3 1968
|h Library of Congress classification
|i unmediated -- volume
|m A14805618740
|
| 998 |
f |
f |
|a TP978 .D3 1968
|t 0
|l Remote Storage
|